Flags of Africa: Randomized - Statistics

General Stats
  • This quiz has been taken 210 times
  • The average score is 42 of 54
Answer Stats
Picture Answer % Correct
Nigeria
95%
Egypt
91%
Kenya
91%
South Africa
91%
Algeria
89%
Angola
89%
Morocco
89%
Cote d'Ivoire
88%
Tunisia
88%
Seychelles
86%
Somalia
86%
Uganda
86%
Chad
84%
Lesotho
84%
Liberia
84%
Mozambique
84%
Niger
84%
Botswana
83%
Eswatini
83%
Mauritania
83%
Libya
81%
Malawi
81%
Sudan
81%
Burundi
80%
Togo
80%
Zambia
80%
Burkina Faso
78%
Cabo Verde
78%
Ethiopia
78%
Central African Republic
77%
Ghana
77%
Senegal
77%
Tanzania
77%
Comoros
75%
Democratic Republic of the Congo
75%
Madagascar
75%
South Sudan
75%
Zimbabwe
75%
Cameroon
73%
Gabon
73%
Rwanda
73%
Benin
72%
Guinea
72%
Namibia
72%
Sao Tome & Principe
72%
Eritrea
70%
Mauritius
70%
Equatorial Guinea
69%
Mali
67%
Djibouti
66%
Guinea-Bissau
66%
Sierra Leone
64%
Gambia
61%
Republic of the Congo
44%
No matching quizzes found
Score Distribution
Percent of People with Each Score
Percentile by Number Answered
Your Score History
You have not taken this quiz